EDP Japan 1977 : Special report featured annual EDP investment survey for 1976

Guardat en:
Dades bibliogràfiques
Format: Llibre
Idioma:Undetermined
Publicat: Tokyo Japan Electronic Computer Co., Ltd. 1976
Matèries:
Etiquetes: Afegir etiqueta
Sense etiquetes, Sigues el primer a etiquetar aquest registre!
Thư viện lưu trữ: Trung tâm Học liệu Trường Đại học Cần Thơ
LEADER 00489nam a2200169Ia 4500
001 CTU_98757
008 210402s9999 xx 000 0 und d
082 |a 004 
082 |b E24 
245 0 |a EDP Japan 1977 : 
245 0 |b Special report featured annual EDP investment survey for 1976 
260 |a Tokyo 
260 |b Japan Electronic Computer Co., Ltd. 
260 |c 1976 
650 |a Computer science 
904 |i Tuyến 
980 |a Trung tâm Học liệu Trường Đại học Cần Thơ